| 000 | 00919ntaaa2200217 4500 | ||
|---|---|---|---|
| 003 | 01 | ||
| 005 | 20251027203307.0 | ||
| 008 | 0714s1973 ag 01 | ||
| 040 |
_aAR-BaBN _bspa _cAR-BaBN _eaacr _dRIC |
||
| 110 |
_aArgentina. Ministerio de Educación _bDirección Nacional de Información y Evaluación de la Calidad Educativa _936032 |
||
| 245 |
_aLa educación argentina en cifras : _b2013 / _cArgentina. Ministerio de Educación, dirigido por Liliana Pascual |
||
| 260 |
_aBuenos Aires : _bMinisterio de Educación, DiNIECE, _c2013 |
||
| 300 |
_a19 p. ; _cil. col. ; 21 cm. |
||
| 505 | _t1. Estructura. Implementación de la Ley de Eduación Nacional | ||
| 505 | _t2. Alumnos. Matrícula | ||
| 505 | _t3. Oferta. Unidades de servicio | ||
| 505 | _t4. Educación técnica. Seguimiento de egresados | ||
| 505 | _t5. Indicadores de eficiencia interna | ||
| 650 |
_aEDUCACION PUBLICA ARGENTINA _936033 |
||
| 942 | _cBK | ||
| 999 |
_c28442 _d28442 |
||